header

Praising it new (Record no. 36161)

MARC details
000 -LEADER
fixed length control field 01589nam a2200373 a 4500
082 04 - DEWEY DECIMAL CLASSIFICATION NUMBER
Classification number 801/.950973
245 00 - TITLE STATEMENT
Title Praising it new
260 ## - PUBLICATION, DISTRIBUTION, ETC. (IMPRINT)
Place of publication Athens, Ohio :
Name of publisher Swallow Press/Ohio University Press,
Year of publication c2008.
300 ## - PHYSICAL DESCRIPTION
Number of Pages xxviii, 332 p.
500 ## - GENERAL NOTE
General note Anthology of New Criticism, edited with an introduction, notes, biographies, and selected bibliographies.
650 #0 - SUBJECT ADDED ENTRY--TOPICAL TERM
Topical Term New Criticism
Topical Term American poetry
Topical Term English poetry
700 1# - ADDED ENTRY--PERSONAL NAME
Personal name Davis, Garrick.
856 40 - ELECTRONIC LOCATION AND ACCESS
Uniform Resource Identifier http://site.ebrary.com/lib/rucke/Doc?id=10246289

No items available.

© 2026 Rongo University
Contact us: librarian | system librarian | Rongo university